[Event "Challenge"]
[Site "http://www.queenalice.com/game.php?id=547912"]
[Date "2009.2.28"]
[Round "-"]
[White "valmir"]
[Black "hehe"]
[Result "0-1"]
[WhiteElo "1439"]
[BlackElo "1205"]

1. e4 d5 2. Qf3 Nf6 3. Nc3 Bg4 4. Qf4 dxe4 5. Nb5 Na6 6. h3 Nb4 7. hxg4 Nxc2+ 8.
Kd1 g5 9. Qe5 Qc8 10. Kxc2 Nd7 11. Qxh8 Nf6 12. d3 Qd7 13. dxe4 Rd8 14. Nxa7
Qa4+ 15. b3 Qxe4+ 16. Kb2 Rd1 17. Rxh7 Nxh7 18. Bb5+ c6 19. Bc4 Rxg1 20. Qg8 e6
21. Qh8 Rh1 22. Qc3 Qg6 23. Qa5 Qf6+ 24. Kc2 Qxa1 25. Bb2 Qd1+ 26. Kc3 Qe1+ 27.
Kc2 Qxa5 28. Bd4 Qxa2+ 29. Kc3 Rd1 30. Be3 Qb1 31. f4 Nf6 32. Be2 Ne4+ 33. Kc4
b5+ 34. Nxb5 cxb5+ 35. Kxb5 Nc3+ 36. Kb6 Nxe2 37. fxg5 Qxb3+ 38. Kc6 Qc3+ 39.
Kb5 Rb1+ 40. Ka4 Qa1# 0-1

[Event "Challenge"]
[Site "http://www.queenalice.com/game.php?id=553427"]
[Date "2009.3.9"]
[Round "-"]
[White "lesbica"]
[Black "valmir"]
[Result "1-0"]
[WhiteElo "1272"]
[BlackElo "1414"]

1. e4 e5 2. Qf3 Nh6 3. Bc4 Bc5 4. d3 a5 5. Bxh6 Qe7 6. Bxg7 Rg8 7. Bf6 Qf8 8.
Bxe5 d6 9. Bc3 Be6 10. Bxe6 fxe6 11. Qxf8+ Rxf8 12. f3 Be3 13. Ke2 Bf4 14. Na3
c6 15. Nh3 Bh6 16. b3 Nd7 17. Nc4 Ke7 18. Nxa5 Rac8 19. Nxb7 Rb8 20. Na5 Rb6 21.
a4 Rg8 22. g4 Nb8 23. Nc4 Rb7 24. g5 Bg7 25. Bxg7 Rxg7 26. e5 dxe5 27. Nxe5 Kd6
28. Nc4+ Kc5 29. Na5 Ra7 30. Nc4 Na6 31. c3 e5 32. Nxe5 Rae7 33. d4+ Kd5 34.
Rhe1 Rg8 35. Kd3 Rf8 36. Ng1 Rf4 37. Re4 Rf5 38. c4+ Kd6 39. c5+ Kd5 40. Nh3
Nb4+ 41. Kc3 Rb7 42. a5 Na6 43. Nf4+ Rxf4 44. Rxf4 Rg7 45. Rf5 Ke6 46. Rf6+ Kd5
47. Rd6# 1-0

[Event "ENXADRISMO 2009"]
[Site "http://www.queenalice.com/game.php?id=562026"]
[Date "2009.3.26"]
[Round "2"]
[White "Ponce"]
[Black "valmir"]
[Result "0-1"]
[WhiteElo "1590"]
[BlackElo "1397"]

1. d4 e6 2. e4 Qe7 3. Nf3 Nf6 4. e5 Ng4 5. Bg5 Qb4+ 6. Bd2 Qxb2 7. Nc3 c6 8. Be2
Be7 9. O-O Qb6 10. Rb1 Qc7 11. h3 Nh6 12. Bxh6 gxh6 13. Qd2 Bf8 14. Bc4 b5 15.
Bd3 Bb7 16. Ne4 Be7 17. Qxh6 Bf8 18. Qh4 h6 19. Neg5 d6 20. exd6 Bxd6 21. Nh7
Be7 22. Qxh6 Na6 23. Qg7 Kd7 24. Ne5+ Kd6 25. Qg3 Rhg8 26. Qf4 Kd5 27. Be4+ Kxd4
28. Rbd1+ Kc3 29. Qd2+ Kb2 0-1

[Event "Novo Desafio"]
[Site "http://www.queenalice.com/game.php?id=571576"]
[Date "2009.4.14"]
[Round "-"]
[White "Luke1416"]
[Black "valmir"]
[Result "1-0"]
[WhiteElo "1641"]
[BlackElo "1479"]

1. e4 e5 2. Nf3 Qf6 3. Be2 Bc5 4. a3 g5 5. h3 Qf4 6. d4 exd4 7. Bxf4 gxf4 8. b4
Bb6 9. Nxd4 c5 10. bxc5 Bxc5 11. g3 fxg3 12. fxg3 Nf6 13. Nc3 Bd6 14. Nf5 Be5
15. Nd4 Bxg3+ 16. Kf1 Bh4 17. e5 Ng8 18. Nf5 Bg5 19. Nd5 Nc6 20. Nc7+ Kd8 21.
Nxa8 Nxe5 22. Nd6 Ne7 23. Nxf7+ Nxf7 24. Bf3 Bh4 25. Rg1 Ne5 26. Qd4 Bf6 27.
Qxa7 Nxf3 28. Rg3 Nc6 29. Qb6+ Ke7 30. Rxf3 Bxa1 31. Re3+ Kd6 32. Rd3+ Ke5 33.
Qe3+ Kf5 34. Rd5+ Ne5 35. Qf2+ Ke4 36. Ra5 Rf8 37. Qxf8 Nc4 38. Qf5+ Ke3 39.
Qd3+ Kf4 40. Qxc4+ Kg3 41. Qxc8 Kxh3 42. Qxd7+ Kh4 43. Qxh7+ Kg4 44. Qh5+ Kg3
45. Qg5+ Kf3 46. Qg2+ Kf4 47. Qf2+ Ke4 48. Qe1+ Kf4 49. Qxa1 Ke4 50. Qe5+ Kf3
51. Qf5+ Ke3 52. Re5+ Kd2 53. Qd3+ Kc1 54. Re1+ Kb2 55. Qb3# 1-0

[Event "Challenge"]
[Site "http://www.queenalice.com/game.php?id=573026"]
[Date "2009.4.16"]
[Round "-"]
[White "valmir"]
[Black "solo"]
[Result "0-1"]
[WhiteElo "1451"]
[BlackElo "1694"]

1. e4 e5 2. Bc4 Nc6 3. Qh5 Qf6 4. c3 Bc5 5. Nh3 d6 6. Ng5 g6 7. Qf3 Qxf3 8. gxf3
h6 9. Bxf7+ Ke7 10. Rg1 hxg5 11. Bd5 Kf6 12. Rg2 Nce7 13. Bc4 Rh5 14. b4 Bb6 15.
a4 a5 16. b5 c6 17. bxc6 bxc6 18. Ba3 c5 19. Bb5 Rh3 20. Ke2 Ba6 21. Bxa6 Rxa6
22. c4 Nc6 23. Bb2 Nd4+ 24. Bxd4 cxd4 25. d3 Bc5 26. Nd2 Rb6 27. Rg4 Rxh2 28.
Rag1 Rh5 29. Kd1 Rb4 30. Kc2 Rxa4 31. Rb1 Rb4 32. Ra1 a4 33. Rgg1 Rh2 34. Rgf1
Nh6 35. f4 gxf4 36. Nf3 Rh3 37. Nd2 Ng4 38. Rg1 Nxf2 39. Ra3 Rg3 40. Rf1 Rg2 41.
Ra2 g5 42. Nf3 Ng4+ 43. Nd2 Ne3+ 44. Kc1 Nxf1 45. Nxf1 Rxa2 46. Nd2 Rbb2 47. Nf3
Rf2 48. Kb1 Ba3 49. Nxd4 exd4 50. e5+ Kxe5 51. c5 Rae2 52. c6 Re1# 0-1

[Event "ENXADRISMO 2009"]
[Site "http://www.queenalice.com/game.php?id=573033"]
[Date "2009.4.16"]
[Round "3"]
[White "valmir"]
[Black "Poirot"]
[Result "1-0"]
[WhiteElo "1421"]
[BlackElo "1829"]

1. e4 e5 2. Qh5 Nf6 3. Qxe5+ Be7 4. Nf3 Nc6 5. Qg5 O-O 6. d3 Nxe4 7. Qg4 d5 8.
Qh5 Nf6 9. Qg5 Ne4 10. Qe3 Re8 11. Kd1 d4 12. Qxe4 Bf6 13. Qf4 Ne7 14. Ng5 Nd5
15. Qg3 Qe7 16. Nf3 b6 17. Bd2 Be6 18. h4 Nb4 19. Na3 Nxa2 20. h5 Kf8 21. Nb5
Rec8 22. Qh2 Bd5 23. Nfxd4 a6 24. Nf5 Qc5 25. Nc3 Nxc3+ 26. bxc3 Bxc3 27. Bxc3
Qxc3 28. Rb1 Re8 29. Be2 Qe5 30. Ng3 a5 31. h6 gxh6 32. Qxh6+ Ke7 33. Bg4 Kd8
34. Qh4+ f6 35. Qxh7 Bc6 36. Qf7 Qe7 37. Qc4 Bxg2 38. Qd4+ Qd6 39. Qxd6+ cxd6
40. Rh7 Rg8 41. Rd7+ Ke8 42. Be6 Rh8 43. Rxb6 Bh3 44. Bxh3 Rxh3 45. Rdxd6 a4 46.
Rxf6 a3 47. Rb1 a2 48. Ra1 Rh4 49. Nf5 Rh1+ 50. Kd2 Rxa1 51. Ng7+ 1-0

[Event "Challenge"]
[Site "http://www.queenalice.com/game.php?id=581238"]
[Date "2009.5.2"]
[Round "-"]
[White "vilmar357"]
[Black "valmir"]
[Result "0-1"]
[WhiteElo "1432"]
[BlackElo "1435"]

1. e4 e5 2. Nf3 Qf6 3. d3 h5 4. Bg5 Qe6 5. g3 f6 6. Be3 Qc6 7. d4 Qxe4 8. Nc3
Qf5 9. Nh4 Qe6 10. Bd3 exd4 11. Bf5 Qe5 12. Ng6 Qxf5 13. Qd3 Qf3 14. Qe4+ Qxe4
15. Nxe4 Rh6 16. Bxh6 gxh6 17. O-O Bb4 18. c3 Bd6 19. Nxd6+ cxd6 20. Rae1+ Kf7
21. Nh4 b6 22. cxd4 Bb7 23. Re3 Nc6 24. Rc1 Nxd4 25. Rc7 Bc6 26. Rd3 Ne2+ 27.
Kf1 Re8 28. Rxd6 Bb5 29. Kg2 Re4 30. f3 Re5 31. f4 Re4 32. Kf3 Ra4 33. Rd5 Nd4+
34. Ke3 Ne6 35. Rc8 Bc6 36. Rxh5 Rxa2 37. Nf5 Ne7 38. Nxh6+ Kg6 39. g4 Kg7 40.
Nf5+ Nxf5+ 41. Rxf5 Bb5 42. g5 fxg5 43. fxg5 Rxb2 44. h4 Re2+ 45. Kf3 Nd4+ 46.
Kf4 Rh2 47. Kg3 Rh1 48. Rd5 Ne2+ 49. Kf2 a6 50. Rd6 Rxh4 51. Rxb6 Rh5 52. Rc5
Nd4 53. Kg3 Nb3 54. Rbxb5 axb5 55. Rxb5 Nc1 56. Kg4 Rh2 57. Kg3 Rd2 58. Kh4 Rd6
59. Kh5 Nd3 60. Rf5 Rd4 61. g6 Nf4+ 62. Kg5 Nxg6 63. Rf6 Nf8 64. Kf5 Rd5+ 65.
Ke4 Rd1 66. Rf5 Nh7 67. Rf2 d5+ 68. Ke3 Nf6 69. Rf4 Kg6 70. Ra4 Kg5 71. Ke2 Rb1
72. Ra3 Kf4 73. Rd3 Ke4 74. Re3+ Kf5 75. Rf3+ Ke5 76. Re3+ Kd6 77. Rf3 Ne4 78.
Rd3 Kc5 79. Rxd5+ Kxd5 80. Kf3 Ke5 81. Ke3 Rb3+ 82. Ke2 Ng3+ 83. Kf2 Kf4 84. Kg2
Kg4 85. Kf2 Ne4+ 86. Ke2 Kf4 87. Kd1 Kf3 88. Kc2 Rc3+ 89. Kb2 Ke2 90. Ka2 Kd2
91. Kb2 Nc5 92. Ka2 Kc2 93. Ka1 Ra3# 0-1

[Event "Poirot x valmir"]
[Site "http://www.queenalice.com/game.php?id=585896"]
[Date "2009.5.9"]
[Round "-"]
[White "Poirot"]
[Black "valmir"]
[Result "1-0"]
[WhiteElo "1833"]
[BlackElo "1449"]

1. e4 e5 2. Nf3 f6 3. c3 Bc5 4. d4 exd4 5. cxd4 Bb4+ 6. Bd2 Bd6 7. Nc3 b6 8. Bd3
Qe7 9. Nd5 Qd8 10. e5 fxe5 11. dxe5 Bc5 12. Be4 Nc6 13. Bf4 a5 14. O-O h5 15. e6
dxe6 16. Nxc7+ Ke7 17. Nxa8 Qxd1 18. Raxd1 Bb7 19. Nc7 Nf6 20. Bg5 Rc8 21. Nb5
Ba6 22. a4 Nb4 23. Rfe1 Kf7 24. Nd6+ Bxd6 25. Rxd6 Nxe4 26. Rxe4 Rc2 27. Rxb6
Bc8 28. h3 Nd3 29. Ne5+ Nxe5 30. Rxe5 Rc4 31. b3 Rc2 32. Rxa5 Rb2 33. Ra7+ Kg6
34. Be7 Kf5 35. a5 Kf4 36. g3+ Kf3 37. Bc5 e5 38. Rf7+ Ke2 39. Kg2 g5 40. Rf3 g4
41. Re3+ Kd2 42. Rd6+ Kc2 43. Re2+ Kc3 44. Rxb2 Kxb2 45. hxg4 hxg4 46. a6 Kxb3
47. a7 Bb7+ 48. Kg1 Kc4 49. Be3 Kb5 50. Rb6+ Ka5 51. Rxb7 Ka6 52. Rb8 e4 53.
a8=R# 1-0

[Event "valmir x Poirot"]
[Site "http://www.queenalice.com/game.php?id=585897"]
[Date "2009.5.9"]
[Round "-"]
[White "valmir"]
[Black "Poirot"]
[Result "0-1"]
[WhiteElo "1451"]
[BlackElo "1831"]

1. e4 e5 2. b3 Nf6 3. Qf3 Nc6 4. Bb2 d6 5. Bc4 Be7 6. h4 Nb4 7. Kd1 Bg4 8. a3
Bxf3+ 9. gxf3 Nc6 10. Nh3 O-O 11. h5 h6 12. Rg1 Nxh5 13. b4 Qd7 14. f4 Qxh3 15.
fxe5 dxe5 16. b5 Qf3+ 17. Ke1 Bh4 18. Rf1 Qxe4+ 19. Kd1 Qxc4 20. d3 Qg4+ 21. Kd2
Bg5+ 22. Kc3 Qd4+ 23. Kb3 Na5+ 24. Ka2 Qd5+ 25. c4 Nxc4 26. Nc3 Qxd3 27. Kb3
Nd2+ 28. Kb4 Nxf1 29. Rxf1 Qxf1 30. Ne4 Be7+ 31. Kb3 Qxb5+ 32. Ka2 Qd5+ 33. Ka1
Qxe4 34. Bc3 Qe2 35. Bb2 Bf6 36. f4 exf4 37. Bxf6 Nxf6 38. Kb1 Rad8 39. Kc1 Rd1#
0-1

[Event "Challenge"]
[Site "http://www.queenalice.com/game.php?id=586230"]
[Date "2009.5.10"]
[Round "-"]
[White "adriana_paixao"]
[Black "valmir"]
[Result "1-0"]
[WhiteElo "1618"]
[BlackElo "1451"]

1. e4 e5 2. b3 Nc6 3. Nf3 f6 4. Bb2 h5 5. Na3 Nh6 6. h3 Nf7 7. g4 hxg4 8. Ng1 d5
9. d3 Bb4+ 10. c3 Bc5 11. exd5 Qxd5 12. Nb5 Bd6 13. Nxd6+ cxd6 14. Rh2 Rh5 15.
Bg2 Qc5 16. b4 Nxb4 17. cxb4 Qxb4+ 18. Qd2 Qc5 19. Rc1 Qb6 20. Be4 Be6 21. h4 g5
22. Bg6 Rh6 23. Be4 gxh4 24. a4 f5 25. a5 Qb5 26. Bg2 a6 27. Bf1 Qa4 28. Bg2 Rb8
29. Ne2 Qb5 30. f3 h3 31. Bh1 Qd7 32. fxg4 fxg4 33. d4 Qe7 34. dxe5 dxe5 35.
Bxe5 Nxe5 36. Qxh6 Kd7 37. Nd4 Nf7 38. Qf4 Qh4+ 39. Kd1 Rd8 40. Rd2 Ke7 41. Nf5+
Bxf5 42. Qxf5 Rxd2+ 43. Kxd2 Qh6+ 44. Kd1 Qd6+ 45. Kc2 Nh6 46. Re1+ Kd8 47. Qg5+
Kd7 48. Rd1 Nf7 49. Qxg4+ Kc7 50. Qc4+ Qc6 51. Bxc6 Ne5 52. Qf4 Kxc6 53. Qxe5 h2
54. Qxh2 Kb5 55. Qc7 Kb4 56. Rb1+ Ka4 57. Qc3 b5 58. Qa1# 1-0

[Event "Challenge"]
[Site "http://www.queenalice.com/game.php?id=587922"]
[Date "2009.5.14"]
[Round "-"]
[White "Carlos3000"]
[Black "valmir"]
[Result "1-0"]
[WhiteElo "1559"]
[BlackElo "1469"]

1. e4 e5 2. d3 Bc5 3. Be2 Qh4 4. g3 Qe7 5. Nc3 c6 6. Na4 Bb4+ 7. Bd2 Bd6 8. b3
b5 9. Nb2 Ba3 10. Bc1 Qf6 11. Nf3 h6 12. Nh4 d6 13. O-O Nd7 14. Rb1 d5 15. exd5
cxd5 16. Bf3 Qe6 17. d4 Kd8 18. dxe5 Bb7 19. Qd3 Ne7 20. Qxb5 Kc8 21. c4 Qxe5
22. Bf4 Qe6 23. Qa5 Bd6 24. Be3 Kb8 25. Rfe1 Qf6 26. cxd5 Ne5 27. Nc4 Nxf3+ 28.
Nxf3 Qxf3 29. Nxd6 Bxd5 30. Qb5+ Kc7 31. Qc5+ Bc6 32. Kf1 Kd7 33. Rbd1 Ke6 34.
Bg5+ Kd7 35. Nxf7+ Kc7 36. Qxe7+ Kb6 37. Qe3+ Qxe3 38. Bxe3+ Kb7 39. Nxh8 Rxh8
40. Rb1 Bd7 41. Bd4 Bb5+ 42. Kg1 Rd8 43. Bxg7 h5 44. Re5 Bd3 45. Rc1 Bg6 46. a4
Rd4 47. Re7+ Kb6 48. Bxd4+ Ka6 49. Rxa7# 1-0

[Event "Revanche"]
[Site "http://www.queenalice.com/game.php?id=588484"]
[Date "2009.5.14"]
[Round "-"]
[White "valmir"]
[Black "Luke1416"]
[Result "0-1"]
[WhiteElo "1451"]
[BlackElo "1484"]

1. e4 e5 2. Bc4 a6 3. Qh5 Qe7 4. b3 Nf6 5. Qf3 b5 6. Bd3 c5 7. Bb2 Nc6 8. c3 d6
9. a4 bxa4 10. Rxa4 Qb7 11. Ra3 Be6 12. Bc2 c4 13. Qd1 cxb3 14. Bxb3 Bxb3 15.
Rxb3 Qc7 16. Ra3 Nxe4 17. Qe2 d5 18. f3 Nf6 19. h4 Be7 20. h5 h6 21. Ra4 O-O 22.
g4 d4 23. Nh3 dxc3 24. Bxc3 Nd4 25. Qd3 Rfb8 26. Kf2 Bc5 27. Kg3 a5 28. Kg2 Rd8
29. g5 Nxh5 30. Re1 hxg5 31. Nxg5 Nf4+ 32. Kg3 Nxd3 33. Re3 Nf4 34. Rc4 Nde2+
35. Rxe2 Nxe2+ 36. Kg2 Nxc3 37. Nxc3 Qb6 38. Na4 Qb5 0-1

[Event "ENXADRISMO 2009"]
[Site "http://www.queenalice.com/game.php?id=588945"]
[Date "2009.5.16"]
[Round "4"]
[White "valmir"]
[Black "MarcioFaleiro"]
[Result "1-0"]
[WhiteElo "1447"]
[BlackElo "1614"]

1. e4 e5 2. b3 Nf6 3. Qf3 d6 4. h3 c5 5. Bc4 Nc6 6. g4 Nd4 7. Qd3 g5 8. c3 Nc6
9. f3 Bh6 10. Qe3 a5 11. h4 Rg8 12. Qf2 a4 13. bxa4 Rxa4 14. Bb3 Ra5 15. hxg5
Rxg5 16. Rxh6 Bxg4 17. Qh4 Rh5 18. Rxh5 Nxh5 19. Qxg4 Nf4 20. Qg8+ Ke7 21. Qxf7#
1-0

[Event "Challenge"]
[Site "http://www.queenalice.com/game.php?id=594354"]
[Date "2009.5.27"]
[Round "-"]
[White "sunflower"]
[Black "valmir"]
[Result "0-1"]
[WhiteElo "1535"]
[BlackElo "1460"]

1. Nc3 e5 2. e4 Bc5 3. Nf3 Qf6 4. Nd5 Qd6 5. d4 Bb6 6. Nxe5 f6 7. Qh5+ g6 8.
Nxg6 Qe6 9. Nxh8+ Kf8 10. Qe5 fxe5 11. c3 exd4 12. Bd3 dxc3 13. O-O Na6 14. bxc3
Bc5 15. Rb1 Qe5 16. Bc4 Qxh8 17. Re1 d6 18. e5 dxe5 19. Re4 Qg7 20. Bf4 Bh3 21.
Bg3 Bd7 22. Rxb7 Bc6 23. Rxc7 Nxc7 24. Rxe5 Nxd5 25. Bxd5 Ne7 26. Bxc6 Nxc6 27.
Rxc5 Ne7 28. Bh4 Ng6 29. Rf5+ Ke8 30. Bf6 Qd7 31. Rh5 Qd1# 0-1

[Event "Challenge"]
[Site "http://www.queenalice.com/game.php?id=594891"]
[Date "2009.5.28"]
[Round "-"]
[White "conan"]
[Black "valmir"]
[Result "1-0"]
[WhiteElo "1628"]
[BlackElo "1470"]

1. e4 e5 2. Nf3 Qf6 3. d3 b6 4. Bg5 Qd6 5. a3 h6 6. Be3 Bb7 7. h4 Qf6 8. d4 exd4
9. Nxd4 Bxe4 10. f3 Bb7 11. Nb5 Kd8 12. N1c3 Qe5 13. Nd5 Bxd5 14. Qd4 Qe6 15.
O-O-O c6 16. Nc3 Bc5 17. Qxg7 Qxe3+ 18. Kb1 Bxa3 19. Qxh8 f6 20. Nxd5 cxd5 21.
Qxg8+ Kc7 22. bxa3 Qxa3 23. Qxd5 Qb4+ 24. Qb3 a5 25. Qxb4 axb4 26. Kb2 Kc6 27.
Kb3 Kc5 28. c3 Ra3+ 29. Kb2 Rxc3 30. Rc1 Rxc1 31. Kxc1 b3 32. Kb2 Kb4 33. Bd3
Nc6 34. Rc1 Ne5 35. Rc3 d5 36. Rxb3+ Ka5 37. Kc3 d4+ 38. Kxd4 Nc6+ 39. Kc3 Ne7
40. Ra3# 1-0

[Event "Challenge"]
[Site "http://www.queenalice.com/game.php?id=597008"]
[Date "2009.6.1"]
[Round "-"]
[White "marioandre123"]
[Black "valmir"]
[Result "1-0"]
[WhiteElo "1416"]
[BlackElo "1469"]

1. e4 e5 2. Nf3 Qf6 3. Bc4 Bc5 4. O-O g5 5. Nc3 g4 6. d4 Bxd4 7. Nxd4 exd4 8.
Nd5 Qc6 9. Bb5 Qc5 10. b4 Qf8 11. Nxc7+ Kd8 12. Nxa8 Nf6 13. e5 Nd5 14. Qxd4 Rg8
15. Qxd5 Qe7 16. Be3 Ke8 17. Nc7+ Kf8 18. h4 gxh3 19. Bh6+ Rg7 20. Bxg7+ Kxg7
21. e6 fxe6 22. Qe5+ Kg8 23. gxh3 Nc6 24. Bxc6 bxc6 25. Qg3+ Kf8 26. b5 c5 27.
c4 Bb7 28. Qf4+ Kg8 29. Qe5 Qf7 30. Qg5+ Kf8 31. Rfd1 Qf3 32. Qd8+ Kg7 33. Ne8+
Kh6 34. Qh4+ Kg6 35. Qg3+ Kh6 36. Qg7+ Kh5 37. Nf6+ Kh4 38. Qh6+ Qh5 39. Qxh5#
1-0

[Event "Novo Desafio"]
[Site "http://www.queenalice.com/game.php?id=605717"]
[Date "2009.6.18"]
[Round "-"]
[White "Luke1416"]
[Black "valmir"]
[Result "1-0"]
[WhiteElo "1499"]
[BlackElo "1436"]

1. e4 e5 2. Nf3 Qf6 3. b3 b6 4. Be2 Bb7 5. d3 Bb4+ 6. Bd2 Bc5 7. b4 Be7 8. Bg5
Qg6 9. Bxe7 Nxe7 10. O-O h6 11. c4 h5 12. Nxe5 Qe6 13. Nf3 Rh6 14. Nc3 1-0

[Event "Challenge"]
[Site "http://www.queenalice.com/game.php?id=609520"]
[Date "2009.6.27"]
[Round "-"]
[White "domino429"]
[Black "valmir"]
[Result "1-0"]
[WhiteElo "1703"]
[BlackElo "1457"]

1. e4 e5 2. Nf3 Bb4 3. c3 Ba5 4. b4 Bb6 5. c4 Qe7 6. c5 Ba5 7. bxa5 Qxc5 8. Qa4
Qxc1+ 9. Qd1 Qb2 10. Nc3 Qb4 11. Qa4 Qc5 12. Rb1 Nf6 13. Rb5 Qc6 14. Rxe5+ Kd8
15. Qb4 Re8 16. Bb5 Qd6 17. Rc5 Rxe4+ 18. Nxe4 Nxe4 19. Rc4 f5 20. Rd4 Qc5 21.
Qxc5 Nxc5 22. Rd5 d6 23. Rd4 g6 24. Rh4 h5 25. Ke2 b6 26. axb6 axb6 27. Ra1 c6
28. Bc4 b5 29. Bf7 Kc7 30. Bxg6 Nb3 31. Rb1 1-0

[Event "Challenge"]
[Site "http://www.queenalice.com/game.php?id=609521"]
[Date "2009.6.27"]
[Round "-"]
[White "valmir"]
[Black "domino429"]
[Result "0-1"]
[WhiteElo "1469"]
[BlackElo "1685"]

1. e4 e5 2. b3 Bc5 3. Nf3 Nc6 4. h4 Nf6 5. Qe2 O-O 6. Ng5 h6 7. Nh3 d6 8. f4 Bg4
9. Qd3 d5 10. exd5 Nb4 11. Qc4 Qxd5 12. Qxd5 Nfxd5 13. a3 Nxc2# 0-1